000 00402nam a2200181Ia 4500
001 17185
005 20260306170406.0
008 260306t2010||||xx |||||||||||||| ||und||
041 _aESP
082 _a657.48
_bW27 2010
100 _aWarren, Carl S.
_eAUT
245 0 _aContabilidad financiera
260 _c2010
300 _a
_c
650 _aGEN
654 _aCCO
942 _cLIB
_dJUS
_fJUS
_2ddc
_n
999 _c17185
_d17185